Asian Cities by Population - Statistics

General Stats
  • This quiz has been taken 17 times
  • The average score is 12 of 15
Answer Stats
Country Hint Answer % Correct
China 18.9 Million Beijing
100%
India 10.9 Million Delhi
100%
Turkey 14.8 Million Istanbul
100%
China 22.3 Million Shanghai
100%
South Korea 10.3 Million Seoul
93%
China 16 Million Guangzhou
86%
Pakistan 11.6 Million Karachi
86%
India 12.6 Million Mumbai
86%
Bangladesh 10.3 Million Dhaka
79%
China 10.3 Million Wuhan
79%
China 17.4 Million Shenzhen
71%
China 11 Million Tianjin
71%
China 13.5 Million Chengdu
64%
China 9.6 Million Xi'an
57%
China 9.6 Million Dongguan
7%
No matching quizzes found
Score Distribution
Percent of People with Each Score
Percentile by Number Answered
Your Score History
You have not taken this quiz